EPORTS OF COMPANY CASES INCLUDING CASES OF BANKING AND INSURENCE [VOL-103] (Record no. 7619)

MARC details
000 -LEADER
fixed length control field 00418nam a22001457a 4500
005 - DATE AND TIME OF LATEST TRANSACTION
control field 20210315162937.0
008 - FIXED-LENGTH DATA ELEMENTS--GENERAL INFORMATION
fixed length control field 210315b ||||| |||| 00| 0 eng d
082 ## - DEWEY DECIMAL CLASSIFICATION NUMBER
Classification number 346.066
100 ## - MAIN ENTRY--AUTHOR NAME
Personal name AIYAR, A.N.
245 ## - TITLE STATEMENT
Title EPORTS OF COMPANY CASES INCLUDING CASES OF BANKING AND INSURENCE [VOL-103]
260 ## - PUBLICATION, DISTRIBUTION, ETC. (IMPRINT)
Place of publication CHENNAI
Name of publisher COMPANY LAW INSTITUTE OF INDIA
Year of publication 2001
300 ## - PHYSICAL DESCRIPTION
Number of Pages 1120,Li,p
650 ## - SUBJECT ADDED ENTRY--TOPICAL TERM
Topical Term LAW
942 ## - ADDED ENTRY ELEMENTS (KOHA)
Koha item type Journals/Serial

No items available.